MARC

LEADER 00000nam0a2200000 4500
001 309043
005 20231102002142.0
020 |a RU  |b 81-55803 
035 |a (RuTPU)RU\TPU\book\334365 
090 |a 309043 
100 |a 20151109d1981 km y0rusy5003 ca 
101 0 |a rus 
102 |a RU 
105 |a a g 001zy 
200 1 |a Справочник по горюче-смазочным материалам в судовой технике  |f Е. И. Гулин, В. А. Сомов, И. М. Чечот 
210 |a Ленинград  |c Судостроение  |d 1981 
215 |a 320 с.  |c ил. 
320 |a Библиогр.: с. 313-315 
606 1 |a Судовые двигатели дизеля  |x Топливо  |2 stltpush  |3 (RuTPU)RU\TPU\subj\58133  |9 75954 
610 1 |a судовые топливные машины 
610 1 |a горючее 
610 1 |a свойства 
610 1 |a качество 
610 1 |a состав 
610 1 |a характеристики 
610 1 |a трение 
610 1 |a изнашивание 
610 1 |a смазочные материалы 
610 1 |a моторные масла 
610 1 |a двигатель-масло-масляная система 
610 1 |a турбинные масла 
610 1 |a справочники 
675 |a 621.431.74-843.6  |v 4 
700 1 |a Гулин  |b Е. И.  |g Евгений Ильич 
701 1 |a Сомов  |b В. А.  |g Виталий Александрович 
701 1 |a Чечот  |b И. М.  |g Илья Михайлович 
801 0 |a RU  |b RuMRKP  |c 19950704  |g psbo 
801 1 |a RU  |b 63413507  |c 20151109 
801 2 |a RU  |b 63413507  |c 20171204  |g RCR 
942 |c BK